Biggest Snake in Each Country - Statistics

General Stats
  • This quiz has been taken 22 times
  • The average score is 48 of 190
Answer Stats
HINT ANSWER % Correct
France | Trinidad and Tobago Green anaconda
94%
Bolivia | Brazil | Colombia | +6 others Green Anaconda
94%
Brunei | East Timor | Malaysia | +2 others Reticulated Python
82%
Bangladesh | Bhutan | Cambodia | +9 others Burmese Python
53%
Angola | Benin | Burkina Faso | +28 others African Rock Python
41%
Liberia African Rock Python
35%
Uruguay Boa Constrictor
35%
United States Eastern Indigo Snake
29%
Argentina Yellow Anaconda
29%
Papua New Guinea Amethystine Python
24%
Australia Australian Scrub Python
24%
Belarus | Denmark | Estonia | +6 others Grass Snake
24%
Pakistan | Sri Lanka Indian Rock Python
24%
Belgium | Liechtenstein | Luxembourg Barred Grass Snake
18%
Dominica Clouded Boa
18%
Cuba Cuban Boa
18%
Canada Gopher Snake
18%
Eritrea | Lesotho | Morocco | +4 others Puff Adder
18%
Bahamas Bahamian Boa
12%
Barbados | Marshall Islands | Micronesia | +2 others Brahminy Blindsnake
12%
Turkmenistan Caspian Cobra
12%
Albania | Bulgaria | Croatia | +12 others Caspian Whipsnake
12%
Afghanistan Central Asian Cobra
12%
Belize | El Salvador | Guatemala | +4 others Common Boa
12%
Costa Rica Common boa
12%
Malta Eastern Montpellier snake
12%
Egypt Eastern Montpellier Snake
12%
Jamaica Jamaican Boa
12%
Japan King Ratsnake
12%
Madagascar Madagascar Ground Boa
12%
Vanuatu Pacific Tree Boa
12%
São Tomé and Príncipe Sao Tome Cobra
12%
Botswana | Eswatini | Malawi | +3 others Southern African Rock Python
12%
Algeria | Portugal Western Montpellier Snake
12%
Andorra | Austria | Bosnia and Herzegovina | +11 others Aesculapian Snake
6%
Antigua and Barbuda Antiguan Racer
6%
Solomon Islands Brown Tree Snake
6%
Chile Chilean Green Racer
6%
Kuwait | Qatar Diadem Snake
6%
Dominican Republic | Haiti Hispaniolan Boa
6%
Cyprus | Iran | Jordan | +2 others Large Whip Snake
6%
Iraq | Israel Large Whipsnake
6%
Uzbekistan Levantine Viper
6%
Tunisia Moorish Viper
6%
Fiji | Samoa | Tuvalu Pacific Tree Boa
6%
Armenia | Azerbaijan Red-Bellied Racer
6%
Djibouti Red Spitting Cobra
6%
Libya Saharan Horned Viper
6%
Kyrgyzstan Spotted Whip Snake
6%
Mongolia Steppe Ratsnake
6%
Saint Lucia St. Lucia Lancehead
6%
Tonga Yellow-Lipped Sea Krait
6%
Bahrain Glossy-Bellied Racer
0%
Grenada | Saint Vincent and the Grenadines Grenada Bank Boa
0%
North Korea | South Korea Manchurian Black Ratsnake
0%
Palau Palau Tree Snake
0%
Mauritius Round Island Boa
0%
Seychelles Seychelles Wolf Snake
0%
Mozambique Southern African Rock Python
0%
Comoros Spotted Tree Snake
0%
Tajikistan Turan Blunt-Nosed Viper
0%
Maldives | New Zealand | United Arab Emirates Yellow-Bellied Sea Snake
0%
No matching quizzes found
Score Distribution
Percent of People with Each Score
Percentile by Number Answered
Your Score History
You have not taken this quiz